| 000 | 00399nam a22001337a 4500 | ||
|---|---|---|---|
| 020 | _qPB. | ||
| 040 | _cFIZZA ISHAQ | ||
| 082 |
_a942.20 _bPOU |
||
| 100 |
_aPOUNDS,G.J.N. _9132738 |
||
| 245 |
_aTHE CULTURE OF THE ENGLISH PEOPLE IRON AGE TO THE INDUSTRIAL REVOLUTION / _cN.J.G. POUNDS. |
||
| 260 |
_aNEW YORK; _bCAMBRIDGE UNIVERSITY PRESS, _c1994. |
||
| 300 |
_a477 P. ; _c9.5X6.8IN |
||
| 942 |
_2ddc _cBK |
||
| 999 |
_c615794 _d615794 |
||